「け」から始まる市区町村 - Statistics

General Stats
  • This quiz has been taken 348 times
  • The average score is 4 of 6
Answer Stats
都道府県 % Correct
気仙沼市 宮城県
95%
下呂市 岐阜県
77%
玄海町 佐賀県 東松浦郡
64%
剣淵町 北海道 上川郡 (天塩国)
64%
芸西村 高知県 安芸郡
61%
桂川町 福岡県 嘉穂郡
55%
No matching quizzes found
Score Distribution
Percent of People with Each Score
Percentile by Number Answered
Your Score History
You have not taken this quiz